LEADER 00842nam0-2200301---450- 001 990008796450403321 005 20090122122613.0 035 $a000879645 035 $aFED01000879645 035 $a(Aleph)000879645FED01 035 $a000879645 100 $a20090122d--------km-y0itay50------ba 101 1 $aita 102 $aIT 105 $a--------001yy 200 1 $aStoria, psicologia, psicoanalisi$emetodologie a confronto$fAnna Lisa Carlotti 210 $aMilano$cF. Angeli$d1984 215 $a331 p.$d22 cm 225 1 $aCollana di psicologia politica$v6 676 $a287$v19 700 1$aCarlotti,$bAnna Lisa$0483734 801 0$aIT$bUNINA$gRICA$2UNIMARC 901 $aBK 912 $a990008796450403321 952 $aC 1/7$b104$fDMNUP 959 $aDMNUP 996 $aStoria, psicologia, psicoanalisi$9268509 997 $aUNINA LEADER 01040nam a2200301 i 4500 001 991000937869707536 005 20020507180203.0 008 970317s1975 it ||| | ||| 035 $ab10778275-39ule_inst 035 $aLE01304574$9ExL 040 $aDip.to Matematica$beng 082 0 $a510.9 084 $aAMS 51-03 084 $aAMS 51M10 100 1 $aBonola, Roberto$040839 245 13$aLa geometria non-euclidea :$besposizione storico-critica del suo sviluppo /$cRoberto Bonola 260 $aBologna :$bZanichelli,$cstampa an. 1975 300 $a213 p. ;$c21 cm. 490 0 $aSaggi Zanichelli ;$v23 500 $a1. ed.: 1906 650 4$aCollected works 650 4$aGeometry-history 907 $a.b10778275$b23-02-17$c28-06-02 912 $a991000937869707536 945 $aLE013 01A75 BON11 (1975:ZANICHELLI)$g1$i2013000079462$lle013$o-$pE0.00$q-$rl$s- $t0$u4$v1$w4$x0$y.i10877551$z28-06-02 996 $aGeometria non-euclidea$9344280 997 $aUNISALENTO 998 $ale013$b01-01-97$cm$da $e-$feng$git $h3$i1